The nature of mathematical modeling /
Guardado en:
| Autor Principal: | |
|---|---|
| Formato: | Libro |
| Idioma: | English |
| Publicado: |
Cambridge :
Cambridge University Press,
1999.
|
| Materias: | |
| Acceso en línea: | Publisher description Table of contents |
| Etiquetas: |
Agregar Etiqueta
Sin Etiquetas, Sea el primero en etiquetar este registro!
|
| LEADER | 00868pam a2200229 a 4500 | ||
|---|---|---|---|
| 001 | MAT.inmabb003966 | ||
| 008 | 980513s1999####enka#####b####001#0#eng## | ||
| 005 | 20130312122354.0 | ||
| 245 | 1 | 4 | |a The nature of mathematical modeling / |c Neil Gershenfeld. |
| 260 | |a Cambridge : |b Cambridge University Press, |c 1999. | ||
| 300 | |a xii, 344 p. : |b il. ; |c 26 cm. | ||
| 504 | |a Incluye referencias bibliográficas (p. 330-339) e índice. | ||
| 510 | 4 | |a MR, |c 99i:00010 | |
| 020 | |a 0521570956 | ||
| 100 | 1 | |a Gershenfeld, Neil A. | |
| 650 | 0 | |a Mathematical models. | |
| 084 | |a 00A71 (65-02 65C20) |2 msc2000 | ||
| 010 | |a 98022029 | ||
| 040 | |a DLC |c DLC |d DLC | ||
| 856 | 4 | 2 | |3 Publisher description |u http://www.loc.gov/catdir/description/cam029/98022029.html |
| 856 | 4 | 1 | |3 Table of contents |u http://www.loc.gov/catdir/toc/cam021/98022029.html |
| 859 | |h 00A71 |i G381 |p A-8314 |b BIB. MATEMATICA | ||
